<?xml version="1.0" encoding="UTF-8"?>
<record
    xmlns:xsi="http://www.w3.org/2001/XMLSchema-instance"
    xsi:schemaLocation="http://www.loc.gov/MARC21/slim http://www.loc.gov/standards/marcxml/schema/MARC21slim.xsd"
    xmlns="http://www.loc.gov/MARC21/slim">

  <leader>00967nam0a2200277 i 4500</leader>
  <controlfield tag="001">RU\NLR\BIBL_A\011325549</controlfield>
  <controlfield tag="005">20240726234354.0</controlfield>
  <datafield tag="010" ind1=" " ind2=" ">
    <subfield code="a">9785421801122</subfield>
    <subfield code="9">100</subfield>
  </datafield>
  <datafield tag="021" ind1=" " ind2=" ">
    <subfield code="a">RU</subfield>
    <subfield code="b">2017-2547</subfield>
    <subfield code="9">182</subfield>
  </datafield>
  <datafield tag="035" ind1=" " ind2=" ">
    <subfield code="a">(NLR Aleph) 011325549</subfield>
  </datafield>
  <datafield tag="090" ind1=" " ind2=" ">
    <subfield code="a">11105154</subfield>
    <subfield code="c">11105154</subfield>
  </datafield>
  <datafield tag="100" ind1=" " ind2=" ">
    <subfield code="a">20170214d2012    u  y0rusy50      ca</subfield>
  </datafield>
  <datafield tag="101" ind1="0" ind2=" ">
    <subfield code="a">rus</subfield>
  </datafield>
  <datafield tag="102" ind1=" " ind2=" ">
    <subfield code="a">RU</subfield>
  </datafield>
  <datafield tag="105" ind1=" " ind2=" ">
    <subfield code="a">y   z   000fy</subfield>
  </datafield>
  <datafield tag="200" ind1="1" ind2=" ">
    <subfield code="a">&#x420;&#x430;&#x437;&#x443;&#x43C;&#x43D;&#x430;&#x44F; &#x436;&#x438;&#x437;&#x43D;&#x44C; &#x431;&#x440;&#x430;&#x442;&#x44C;&#x435;&#x432; &#x43C;&#x435;&#x43D;&#x44C;&#x448;&#x438;&#x445;</subfield>
    <subfield code="e">[&#x440;&#x430;&#x441;&#x441;&#x43A;&#x430;&#x437;&#x44B;]</subfield>
    <subfield code="f">&#x41B;.&#x412;. &#x428;&#x435;&#x441;&#x442;&#x435;&#x440;&#x430;</subfield>
  </datafield>
  <datafield tag="210" ind1=" " ind2=" ">
    <subfield code="a">&#x412;&#x43E;&#x440;&#x43E;&#x43D;&#x435;&#x436;</subfield>
    <subfield code="c">&#x412;&#x43E;&#x440;&#x43E;&#x43D;&#x435;&#x436;&#x441;&#x43A;&#x438;&#x439; &#x426;&#x41D;&#x422;&#x418; - &#x444;&#x438;&#x43B;&#x438;&#x430;&#x43B; &#x424;&#x413;&#x411;&#x423; "&#x420;&#x42D;&#x410;" &#x41C;&#x438;&#x43D;&#x44D;&#x43D;&#x435;&#x440;&#x433;&#x43E; &#x420;&#x43E;&#x441;&#x441;&#x438;&#x438;</subfield>
    <subfield code="d">2012</subfield>
  </datafield>
  <datafield tag="215" ind1=" " ind2=" ">
    <subfield code="a">84 &#x441;.</subfield>
    <subfield code="d">21</subfield>
  </datafield>
  <datafield tag="686" ind1="0" ind2=" ">
    <subfield code="a">&#x428;9(2)60=&#x420;7-4</subfield>
  </datafield>
  <datafield tag="700" ind1=" " ind2="1">
    <subfield code="a">&#x428;&#x435;&#x441;&#x442;&#x435;&#x440;&#x430;</subfield>
    <subfield code="b">&#x41B;.&#x412;.</subfield>
    <subfield code="f">1982-</subfield>
    <subfield code="g">&#x41B;&#x44E;&#x431;&#x43E;&#x432;&#x44C; &#x412;&#x43B;&#x430;&#x434;&#x438;&#x43C;&#x438;&#x440;&#x43E;&#x432;&#x43D;&#x430;</subfield>
  </datafield>
  <datafield tag="942" ind1=" " ind2=" ">
    <subfield code="c">BOOK</subfield>
  </datafield>
  <datafield tag="980" ind1=" " ind2=" ">
    <subfield code="a">NBR</subfield>
  </datafield>
</record>
